[Event "Malopolska Region-chB"]
[Site "Krakow"]
[Date "2019.06.20"]
[Round "1"]
[White "Bergre, Joachim"]
[Black "Kuta, Krzysztof"]
[Result "1-0"]
[WhiteElo "1956"]
[BlackElo "1540"]
[PlyCount "99"]
[EventDate "2019.06.20"]
[EventType "swiss"]
[EventRounds "7"]
[EventCountry "POL"]
[SourceTitle "EXT 2020"]
[Source "ChessBase"]
[SourceDate "2019.10.17"]
[SourceVersion "1"]
[SourceVersionDate "2019.10.17"]
[SourceQuality "1"]

1. Nf3 d5 2. c4 Nf6 3. g3 Nc6 4. cxd5 Nxd5 5. Nc3 e5 6. Bg2 Be6 7. 0-0 Be7 8. d3 0-0 9. Bd2 Qd7 10. a3 Rad8 11. b4 f6 12. Ne4 b6 13. Re1 h6 14. Rc1 f5 15. Nc3 Nxc3 16. Bxc3 Bf6 17. Qc2 Rf7 18. b5 Nd4 19. Nxd4 exd4 20. Bc6 Qc8 21. Bd2 g5 22. a4 Bd5 23. Bxd5 Rxd5 24. Qc6 Re5 25. f4 Re6 26. Qd5 Re8 27. Rc6 Kg7 28. Kf1 Qd7 29. Qxd7 Rxd7 30. Rec1 Bd8 31. Bb4 g4 32. Ba3 Kh7 33. R1c4 h5 34. Bb2 h4 35. Bxd4 hxg3 36. hxg3 Rde7 37. Be5 Rxe5 38. fxe5 Rxe5 39. Rd4 Re8 40. Rd7+ Kg8 41. Rg6+ Kf8 42. Rh6 Kg8 43. Rhh7 Bf6 44. Rhf7 Be5 45. Rxf5 Bxg3 46. Rg5+ Kf8 47. Rxg4 Bd6 48. Rh7 Re5 49. Rf4+ Ke8 50. Re4 1-0

[Event "Dobczyce op 22nd"]
[Site "Dobczyce"]
[Date "2014.07.12"]
[Round "1"]
[White "Kuta, Krzysztof"]
[Black "Bus, Konrad"]
[Result "0-1"]
[WhiteElo "1695"]
[BlackElo "2152"]
[PlyCount "96"]
[EventDate "2014.07.12"]
[EventType "swiss"]
[EventRounds "9"]
[EventCountry "POL"]
[SourceTitle "CBM 161 Extra"]
[Source "ChessBase"]
[SourceDate "2014.08.29"]
[SourceVersion "1"]
[SourceVersionDate "2014.08.29"]
[SourceQuality "1"]

1. e4 c6 2. d4 d5 3. exd5 cxd5 4. Bd3 Nc6 5. c3 Nf6 6. Bf4 Bg4 7. Qb3 Qc8 8. f3 Bh5 9. Ne2 e6 10. Nd2 Be7 11. 0-0 Bg6 12. Qc2 0-0 13. Rae1 b5 14. g4 Nd7 15. Bg3 Nb4 16. cxb4 Qxc2 17. Bxc2 Bxc2 18. a3 a5 19. bxa5 Rxa5 20. Rc1 Bd3 21. Rfe1 Bf6 22. Bf2 Bxe2 23. Rxe2 Nb6 24. Nb3 Raa8 25. Rc5 Nc4 26. Nc1 Rfb8 27. Nd3 Be7 28. Rc7 Bd6 29. Rc6 b4 30. b3 bxa3 31. bxc4 a2 32. Rxa2 Rxa2 33. Rxd6 dxc4 34. Ne1 Rc8 35. Rb6 c3 36. Rb1 Rd2 37. Rc1 c2 38. Kg2 Rc3 39. h4 Kf8 40. Kf1 Rd1 41. Rxc2 Rxc2 42. Kg1 Ke7 43. f4 Kd6 44. Kf1 Kd5 45. Kg1 Rxe1+ 46. Bxe1 Kxd4 47. Bf2+ Ke4 48. Kg2 Kxf4 0-1

[Event "Dobczyce Dominik Memorial 21st"]
[Site "Dobczyce"]
[Date "2013.07.13"]
[Round "1"]
[White "Kuta, Krzysztof"]
[Black "Watorek, Marcin"]
[Result "0-1"]
[WhiteElo "1695"]
[BlackElo "2122"]
[PlyCount "72"]
[EventDate "2013.07.13"]
[EventType "swiss"]
[EventRounds "9"]
[EventCountry "POL"]
[SourceTitle "EXT 2014"]
[Source "ChessBase"]
[SourceDate "2013.11.20"]
[SourceVersion "1"]
[SourceVersionDate "2013.11.20"]
[SourceQuality "1"]

1. c4 Nf6 2. Nc3 e6 3. e4 c5 4. e5 Ng8 5. Nf3 Nc6 6. Bd3 d6 7. Be4 Nxe5 8. Nxe5 dxe5 9. Qf3 Rb8 10. Nb5 a6 11. Nc3 f5 12. Bc2 Nf6 13. 0-0 Bd6 14. d3 0-0 15. Bg5 Bd7 16. Qh3 Qc7 17. Rae1 b5 18. Bb3 b4 19. Ne2 Bc6 20. f4 e4 21. Bxf6 Rxf6 22. Bc2 exd3 23. Bxd3 Rg6 24. Rf2 Rg4 25. Qe3 Re8 26. h3 Rh4 27. Qg3 Rh6 28. Qe3 e5 29. Bxf5 exf4 30. Qd2 Qf7 31. Bg4 Qxc4 32. b3 Qf7 33. Nc1 c4 34. bxc4 Bc5 35. Rxe8+ Qxe8 36. Nd3 Rd6 0-1

[Event "Krakow op-C 22nd"]
[Site "Krakow"]
[Date "2011.12.31"]
[Round "5"]
[White "Kuta, Krzysztof"]
[Black "Horackova, Alena"]
[Result "1-0"]
[WhiteElo "1713"]
[BlackElo "1628"]
[PlyCount "89"]
[EventDate "2011.12.27"]
[EventType "swiss"]
[EventRounds "9"]
[EventCountry "POL"]
[SourceTitle "CBM 146 Extra"]
[Source "ChessBase"]
[SourceDate "2012.02.29"]
[SourceVersion "1"]
[SourceVersionDate "2012.02.29"]
[SourceQuality "1"]

1. c4 Nf6 2. Nc3 d5 3. cxd5 Nxd5 4. e4 Nxc3 5. bxc3 c5 6. Bc4 Nc6 7. Qh5 g6 8. Qxc5 e6 9. Qe3 Ne5 10. Be2 Qc7 11. f4 Nd7 12. Nf3 Bg7 13. 0-0 0-0 14. d4 Nf6 15. Nd2 b6 16. Bf3 Bb7 17. e5 Nd5 18. Bxd5 Bxd5 19. Ba3 Rfc8 20. Rfc1 Qb7 21. Qg3 b5 22. Bd6 Bf8 23. Bxf8 Kxf8 24. Nf1 Rc7 25. Ne3 Rac8 26. Qe1 Kg7 27. Qd2 b4 28. cxb4 Rxc1+ 29. Rxc1 Rxc1+ 30. Qxc1 Qxb4 31. Nxd5 exd5 32. Qd1 Qa3 33. Qd2 f5 34. h3 Kf7 35. Qf2 Qa4 36. Kh2 Qa6 37. Qh4 h5 38. Qd8 Qc6 39. Qh8 Qb6 40. Qh7+ Kf8 41. e6 Qxe6 42. Qxa7 Qe4 43. Qb8+ Kf7 44. Qe5 Kg8 45. Qxe4 1-0

[Event "Krakow op-C 22nd"]
[Site "Krakow"]
[Date "2011.12.30"]
[Round "4"]
[White "Peronczyk, Karol"]
[Black "Kuta, Krzysztof"]
[Result "1-0"]
[WhiteElo "1661"]
[BlackElo "1713"]
[PlyCount "59"]
[EventDate "2011.12.27"]
[EventType "swiss"]
[EventRounds "9"]
[EventCountry "POL"]
[SourceTitle "CBM 146 Extra"]
[Source "ChessBase"]
[SourceDate "2012.02.29"]
[SourceVersion "1"]
[SourceVersionDate "2012.02.29"]
[SourceQuality "1"]

1. e4 d6 2. d4 Nf6 3. Nc3 g6 4. Nf3 Bg7 5. Bc4 0-0 6. 0-0 c6 7. Re1 Bg4 8. h3 Bd7 9. a4 a5 10. Qd3 Qc8 11. Bg5 h6 12. Bh4 e6 13. Qe3 g5 14. Bg3 Ne8 15. e5 d5 16. Bd3 f5 17. exf6 Nxf6 18. Bd6 Rd8 19. h4 g4 20. Ne5 Na6 21. Be7 Rf8 22. Ng6 Rf7 23. Bxf6 Bxf6 24. Qxh6 Bg7 25. Qh5 Nb4 26. Ne5 Bxe5 27. Rxe5 Nxd3 28. cxd3 Rg7 29. Rg5 Qf8 30. Qxg4 1-0

[Event "Krakow op-B 20th"]
[Site "Krakow"]
[Date "2009.12.27"]
[Round "1.7"]
[White "Kuta, Krzysztof"]
[Black "Janus, Przemyslaw"]
[Result "0-1"]
[WhiteElo "1756"]
[BlackElo "2070"]
[PlyCount "94"]
[EventDate "2009.12.27"]
[EventType "swiss"]
[EventRounds "9"]
[EventCountry "POL"]
[SourceTitle "EXT 2023"]
[Source "ChessBase"]
[SourceDate "2022.10.05"]
[SourceVersion "1"]
[SourceVersionDate "2022.10.05"]
[SourceQuality "1"]

1. c4 e5 2. Nc3 Bb4 3. e4 Bxc3 4. bxc3 d6 5. d4 Nc6 6. d5 Nce7 7. g4 Ng6 8. Be3 Qh4 9. h3 h5 10. Nf3 Qe7 11. g5 f5 12. gxf6 Nxf6 13. Bg5 Qf7 14. Bd3 Nd7 15. Be3 Nc5 16. Bc2 b6 17. Ng5 Qf6 18. Rg1 Nf4 19. Bxf4 Qxf4 20. Qf3 Qxf3 21. Nxf3 Bxh3 22. Rxg7 0-0-0 23. Ng5 Bd7 24. Nf7 Rdg8 25. Rxg8+ Rxg8 26. Ke2 Rg6 27. Rh1 Be8 28. Nxe5 dxe5 29. Rxh5 Re6 30. Rh8 Re7 31. Ke3 Kd7 32. Bd1 Rg7 33. Rh4 Kd6 34. Bg4 Na4 35. f4 exf4+ 36. Kd4 c5+ 37. dxc6 Bxc6 38. Bf3 Kc7 39. Rxf4 Rd7+ 40. Ke5 Nxc3 41. a3 Nb1 42. Bg4 Re7+ 43. Kd4 Nxa3 44. e5 Nc2+ 45. Kd3 Nb4+ 46. Kc3 Na6 47. e6 Nc5 0-1

[Event "Krakow op-B 19th"]
[Site "Krakow"]
[Date "2008.12.27"]
[Round "1"]
[White "Kuta, Krzysztof"]
[Black "Krasiewicz, Robert"]
[Result "0-1"]
[WhiteElo "1825"]
[BlackElo "2090"]
[PlyCount "82"]
[EventDate "2008.12.26"]
[EventType "swiss"]
[EventRounds "9"]
[EventCountry "POL"]
[SourceTitle "CBM 128 Extra"]
[Source "ChessBase"]
[SourceDate "2009.03.05"]
[SourceVersion "2"]
[SourceVersionDate "2009.03.25"]
[SourceQuality "1"]

1. e4 e6 2. d4 d5 3. Nd2 Nf6 4. e5 Nfd7 5. Ngf3 c5 6. Nb3 Nc6 7. Bb5 c4 8. Bxc6 bxc6 9. Nbd2 c5 10. c3 Qa5 11. 0-0 Ba6 12. Re1 Be7 13. Nf1 Rb8 14. Ng3 0-0 15. Nh5 Rfc8 16. Qc2 cxd4 17. cxd4 Bb5 18. Bd2 Qa4 19. Qxa4 Bxa4 20. Bc3 Rb7 21. a3 Rcb8 22. h3 Nb6 23. Re2 Be8 24. Ra2 Na4 25. Rc2 Nxc3 26. bxc3 Rb1+ 27. Kh2 Ba4 28. Re2 Bb3 29. Rab2 Rc1 30. Re3 Bxa3 31. Rd2 a5 32. Ng1 a4 33. Rg3 Bf8 34. Ne2 Rc2 35. Rxc2 Bxc2 36. Nc1 Bg6 37. Nf4 Rb2 38. Re3 Rc2 39. Nxg6 hxg6 40. Re1 Ba3 41. Ne2 Bb2 0-1